00549nam a22001817a 450000500170000001000140001702000260003103500130005703700130007008200110008310000180009424500770011226000480018927000680023730000200030570000150032570000270034020100810141244.0 aENG-99371 a9788184882773c225.00 aEN-82903 bDBAD/PUB a346.07 aSaravanavel,P aBusiness Law /cby P Saravanavel, S Sumathi [and] Anup Kumar Samantaray aNew DelhibHimalaya Publishing Housec2009 a4-B Murari Lal Street Ansari Road Darya GanjbNew Delhie110002 a338pc24cm(pbk) aSumathi, S aSamantaray, Anup Kumar